000 00460nam a22001937a 4500
003 MPLRDC
005 20220104152257.0
008 210129b ||||| |||| 00| 0 eng d
020 _a962-950-552-5
082 _a857.7 XMY v.262
100 _a连清
245 _a恶女方程式
_c
250 _a初版
260 _a
_b星河出版社
_c1999
300 _b
490 _a寻梦园系列. 262
650 _a长篇小说
942 _cBK
_o857.7 XMY v.262
999 _c52804
_d52794